00199nam a2200085 4500082002000000100001500020245003100035260003900066300000800105 a512 DIAb007575 aDiass M.P. aEngineering Mathematics 1A bOpen University of Sri Lankac2012 a378